[Event "HB Global CC"]
[Site "Minneapolis USA"]
[Date "2005.05.21"]
[Round "7"]
[White "Friedel,J"]
[Black "Goldin,A"]
[Result "1/2-1/2"]
[WhiteElo "2425"]
[BlackElo "2615"]

1.e4 c5 2.Nf3 e6 3.d4 cxd4 4.Nxd4 a6 5.Nc3 b5 6.Bd3 Qb6 7.Nb3 Qc7 8.Qe2 Nc6
9.f4 d6 10.Be3 Nf6 11.O-O Be7 12.a4 b4 13.Nd1 e5 14.f5 Bb7 15.a5 Nb8 16.Nd2 d5
17.Bb6 Qc6 18.exd5 Qxd5 19.Ne3 Qc6 20.Nec4 Nbd7 21.Rae1 O-O 22.Qf3 Qc8 23.Ne4 Bxe4
24.Bxe4 Rb8 25.b3 Nxb6 26.axb6 Bc5+ 27.Kh1 Bxb6 28.Nxe5 Qc5 29.Bd3 Rfe8 30.Ng4 Nxg4
31.Qxg4 Qd4 32.Qxd4 Bxd4 33.Bxa6 Rxe1 34.Rxe1 Kf8 35.g3 Re8 36.Rxe8+  1/2-1/2

[Event "World Team Ch"]
[Site "Beer Sheva ISR"]
[Date "2005.11.02"]
[Round "2"]
[White "Volokitin,And"]
[Black "Goldin,A"]
[Result "1-0"]
[WhiteElo "2666"]
[BlackElo "2600"]

1.e4 e5 2.Nf3 Nc6 3.Bb5 a6 4.Ba4 Nf6 5.O-O Be7 6.Re1 b5 7.Bb3 d6 8.c3 O-O
9.h3 Nd7 10.d4 Bf6 11.a4 Bb7 12.Na3 exd4 13.cxd4 Na5 14.Ba2 b4 15.Nc4 Nxc4
16.Bxc4 Re8 17.Qb3 Rxe4 18.Bxf7+ Kh8 19.Bd2 a5 20.Bd5 Bxd5 21.Qxd5 Rxe1+
22.Rxe1 Nb6 23.Qh5 Qd7 24.Bg5 Nd5 25.Nh4 Kg8 26.Qf3 c6 27.Bxf6 Nxf6 28.Nf5 Re8
29.Rxe8+ Nxe8 30.Qxc6 Qxc6 31.Ne7+ Kf7 32.Nxc6 Ke6 33.Nxa5 Kd5 34.Kf1 Kxd4
35.Ke2 Nc7 36.Nb3+ Kc4 37.Na5+ Kd4 38.Kd2 Ne6 39.b3 Nf4 40.Nc4 d5 41.Nb2 Nxg2
42.Nd3 Nh4 43.a5 Nf3+ 44.Kc2 Ng5 45.a6 Ne6 46.a7 Nc7 47.Nxb4 Na8 48.Nc6+ Kc5
49.Ne7 g6 50.Kd3 Nc7 51.b4+ Kd6 52.b5 Na8 53.b6  1-0

[Event "World Team Ch"]
[Site "Beer Sheva ISR"]
[Date "2005.11.04"]
[Round "4"]
[White "Goldin,A"]
[Black "Asrian,K"]
[Result "1/2-1/2"]
[WhiteElo "2600"]
[BlackElo "2645"]

1.d4 d5 2.c4 c6 3.Nf3 Nf6 4.Nc3 e6 5.Bg5 Nbd7 6.e3 Qa5 7.Nd2 Bb4 8.Qc2 O-O
9.Be2 c5 10.Bxf6 Nxf6 11.Nb3 Qc7 12.dxc5  1/2-1/2

[Event "National Chess Congress"]
[Site "Philadelphia USA"]
[Date "2005.11.26"]
[Round "3"]
[White "Friedel,J"]
[Black "Goldin,A"]
[Result "1/2-1/2"]
[WhiteElo "2453"]
[BlackElo "2600"]

1.e4 e5 2.Nf3 Nc6 3.Bb5 a6 4.Ba4 Nf6 5.O-O Be7 6.Re1 b5 7.Bb3 d6 8.c3 O-O
9.h3 Nd7 10.d4 Bf6 11.a4 Bb7 12.axb5 axb5 13.Rxa8 Qxa8 14.Na3 b4 15.Nc4 bxc3
16.bxc3 Na5 17.Nxa5 Qxa5 18.Bb2 c5 19.Nd2 exd4 20.cxd4 Bxd4 21.Nc4 Qa6 22.Bxd4 cxd4
23.Qxd4 Nc5 24.Bc2 Ne6 25.Qc3 Rc8 26.Bd3 d5 27.exd5 Bxd5 28.Ne3 Rxc3  1/2-1/2

[Event "ch-USA GpA"]
[Site "San Diego USA"]
[Date "2006.03.02"]
[Round "1"]
[White "Lenderman,A"]
[Black "Goldin,A"]
[Result "1/2-1/2"]
[WhiteElo "2431"]
[BlackElo "2598"]

1.e4 c5 2.Nf3 e6 3.d4 cxd4 4.Nxd4 a6 5.Bd3 Bc5 6.Nb3 Ba7 7.Qg4 Nf6 8.Qh4 Nc6
9.Bg5 Ne5 10.Nc3 Ng6 11.Bxf6 Qxf6 12.Qxf6 gxf6 13.g3 d6 14.f4 Bd7 15.O-O-O Ke7
16.Be2 Rac8 17.Rd3 Rhd8 18.Rhd1 Be8 19.Bf3 b5 20.a3 Bb6 21.Nd4 Bxd4 22.Rxd4 Bc6
23.R4d3 Ba8 24.b3 Rc5 25.Kb2 Rdc8 26.R1d2 Nf8 27.Ne2 e5 28.Rxd6 Rxc2+ 29.Rxc2 Rxc2+
30.Kxc2 Kxd6 31.f5 Nd7 32.g4 Nb8 33.Kc3 Nc6 34.b4 Bb7 35.h4 h6 36.Bg2 Bc8
37.Bf3 Bd7 38.Bg2  1/2-1/2

[Event "ch-USA GpA"]
[Site "San Diego USA"]
[Date "2006.03.05"]
[Round "3"]
[White "Kraai,J"]
[Black "Goldin,A"]
[Result "1/2-1/2"]
[WhiteElo "2443"]
[BlackElo "2598"]

1.Nf3 d5 2.d4 Nf6 3.c4 e6 4.Nc3 Be7 5.Bg5 h6 6.Bh4 O-O 7.e3 b6 8.Qb3 Bb7
9.Bxf6 Bxf6 10.cxd5 exd5 11.Rd1 Re8 12.Bd3 c5 13.dxc5 Nd7 14.cxb6 Nc5 15.Qc2 Qxb6
16.Be2 d4 17.Nxd4 Bxg2 18.Rg1 Bb7 19.Nf5 Ne4 20.Qb3 Qxb3 21.axb3 Nxc3 22.bxc3 Bxc3+
23.Kf1 Bc8 24.Bg4 Rb8 25.Ne7+ Rxe7 26.Rd8+ Kh7 27.Rxc8 Rxb3 28.Bd1 Ra3 29.h4 g6
30.h5 g5 31.Bc2+ Kg7 32.Rg4 Ba5 33.Re4 Ra1+ 34.Kg2 Rxe4 35.Bxe4 Rd1 36.f4 gxf4
37.exf4 Bb6 38.Rc6 Re1 39.Bd5 Re7 40.Kf3 Bd4 41.Rd6 Bb2 42.Be4 Rc7 43.Rc6 Rd7
44.Bf5 Rb7 45.Bc8 Re7 46.Ba6 Bd4 47.Rd6 Bc5 48.Rc6 Bb6 49.Rd6 Re3+ 50.Kg4 Rc3
51.Rd7 Rc6 52.Bb7 Rf6 53.Bd5 a5 54.Bb3 Be3 55.f5 Bc5 56.Kf4 Bb4 57.Ra7 Bd2+
58.Ke4 Be1 59.Bd5  1/2-1/2

[Event "ch-USA GpA"]
[Site "San Diego USA"]
[Date "2006.03.08"]
[Round "6"]
[White "Goldin,A"]
[Black "Bercys,S"]
[Result "1-0"]
[WhiteElo "2598"]
[BlackElo "2358"]

1.d4 Nf6 2.c4 g6 3.g3 Bg7 4.Bg2 O-O 5.Nc3 d6 6.Nf3 Nc6 7.O-O Bf5 8.Ne1 Bd7
9.e3 a6 10.Nd3 Rb8 11.Bd2 e5 12.d5 Na5 13.b3 e4 14.Nxe4 Nxe4 15.Bxe4 Bxa1
16.Qxa1 c5 17.Qc3 b6 18.Bg2 Qe7 19.e4 f6 20.f4 Qg7 21.Qa1 Rbe8 22.Bc3 Nb7
23.Re1 b5 24.h3 h5 25.Kh2 Kh7 26.Bf3 Qf7 27.Qd1 Kg8 28.f5 gxf5 29.Bxh5 Qh7
30.Bxe8 Rxe8 31.exf5 Rxe1 32.Qxe1 Qxf5 33.Nf2 b4 34.Ba1 Kf7 35.Ne4 Qxh3+
36.Kg1 Kg6 37.Nxf6 Nd8 38.Nxd7 Qxd7 39.Kg2 Qf5 40.Qe2 Nf7 41.Bb2 Ng5 42.g4 Qe4+
43.Qxe4+ Nxe4 44.Kf3 Nd2+ 45.Ke3 Nf1+ 46.Kf4 Nd2 47.Bc1 Nb1 48.Ke4  1-0

[Event "ch-USA GpA"]
[Site "San Diego USA"]
[Date "2006.03.10"]
[Round "8"]
[White "Goldin,A"]
[Black "De Firmian,N"]
[Result "1-0"]
[WhiteElo "2598"]
[BlackElo "2547"]

1.d4 Nf6 2.c4 e6 3.Nc3 Bb4 4.Qc2 O-O 5.a3 Bxc3+ 6.Qxc3 d6 7.Bg5 Nbd7 8.Nf3 b6
9.Nd2 Bb7 10.f3 c5 11.e4 cxd4 12.Qxd4 Qc7 13.Be2 a5 14.O-O h6 15.Bh4 e5 16.Qc3 a4
17.Rad1 Nh5 18.Rfe1 Nc5 19.Nf1 f5 20.exf5 Rxf5 21.Ne3 Rf4 22.Bg3 Rf7 23.Bd3 Nf4
24.Bb1 Raf8 25.Qc2 e4 26.Nd5 Bxd5 27.cxd5 Nfd3 28.Re3 b5 29.h3 Qb6 30.Kh2 b4
31.fxe4 b3 32.Qc3 Ne5 33.Bxe5 dxe5 34.Qxe5 Nd7 35.Qg3 Rf1 36.Rxf1 Rxf1 37.Bd3 Rd1
38.e5 Qd4 39.e6 Nf6 40.Qb8+  1-0

[Event "ch-USA GpA"]
[Site "San Diego USA"]
[Date "2006.03.11"]
[Round "9"]
[White "Stripunsky,A"]
[Black "Goldin,A"]
[Result "1-0"]
[WhiteElo "2564"]
[BlackElo "2598"]

1.e4 e5 2.Nf3 Nc6 3.Bb5 a6 4.Ba4 Nf6 5.d3 d6 6.c3 g6 7.Bg5 Bg7 8.Nbd2 O-O
9.Nf1 h6 10.Bh4 Nb8 11.Ne3 Nbd7 12.Bc2 b5 13.g4 Qe8 14.Rg1 Nc5 15.Bxf6 Bxf6
16.g5 hxg5 17.Nxg5 Qd8 18.h4 Bxg5 19.hxg5 Ne6 20.Qf3 Nf4 21.O-O-O Kg7 22.d4 Qe7
23.Nd5 Nxd5 24.exd5 Bb7 25.dxe5 dxe5 26.Be4 Rh8 27.Rg3 Rh4 28.Qe3 Rah8 29.f3 Bc8
30.Rgg1 Qd6 31.Rde1 Bb7 32.Rd1 R8h5 33.a3 Bc8 34.Kb1 Rf4 35.Rde1 Bf5 36.Ka1 Rh3
37.Qe2 Qc5 38.Rh1 Rh5 39.Rxh5 gxh5 40.Bxf5 Rxf5 41.f4 Qc4 42.Qxh5 Rxf4 43.Qh6+ Kg8
44.g6 fxg6 45.Qxg6+ Kf8 46.Qh6+ Kf7 47.Qe6+ Kf8 48.Qh3 Qxd5 49.Qc8+ Ke7 50.Qxc7+ Kf6
51.Rg1 Rg4 52.Rf1+ Rf4 53.Re1 Rh4 54.Qb6+ Kf5 55.Rf1+ Rf4 56.Rg1 Rg4 57.Qf2+ Ke6
58.Re1 Rg2 59.Qb6+ Qd6 60.Qe3 Rd2 61.Qh3+ Ke7 62.Qh5 Ke6 63.Rg1 Qd3 64.Qe8+ Kf6
65.Qh8+ Ke6 66.Qg8+ Kf6 67.Qg7+ Ke6 68.Rg6+ Kf5 69.Rg5+ Ke6  1-0

[Event "Hollinberger Mem"]
[Site "Indianapolis USA"]
[Date "2006.05.12"]
[Round "1"]
[White "Goldin,A"]
[Black "Stauffer,C"]
[Result "1/2-1/2"]
[WhiteElo "2587"]
[BlackElo "2156"]

1.d4 Nf6 2.Nf3 e6 3.c4 c5 4.d5 b5 5.Bg5 Qa5+ 6.Qd2 Qxd2+ 7.Nbxd2 bxc4 8.Bxf6 gxf6
9.e4 Rg8 10.g3 Na6 11.Bxc4 Rb8 12.b3 Nb4 13.O-O Nc2 14.Rac1 Na3 15.Bd3 d6
16.Nc4 Nxc4 17.Bxc4 Bh6 18.Rcd1 Ke7 19.Nh4 Rd8 20.f4 a5 21.Rd3 Bd7 22.Ng2 e5
23.fxe5 fxe5 24.Rdf3 Rf8 25.Nh4 f6 26.Kg2 Bg5 27.Nf5+ Bxf5 28.Rxf5 Be3 29.a4 Rf7
30.Kf3 Bd4 31.Ke2 Rb4 32.Kd2 h6 33.Rh5 Rh7 34.Rf3 Rb8 35.Rhf5 Rf7 36.Be2 Rff8
37.Kc2 Rf7 38.Rh5 Rh7 39.Bf1 Rg8 40.Rhf5 Rf7 41.Rh5 Rh7 42.Rhf5 Rf7 43.Ba6 Rg5
44.Kd3 Rf8 45.Ke2 Bg1 46.Kf1 Rxf5 47.Rxf5 Be3 48.Ke2 Bc1 49.Rf1 Bb2 50.Kd2 Rg8
51.Be2 Bd4 52.g4 Rb8 53.Rf3 Kf7 54.h4 Ke7 55.Kc2 Rg8 56.Rf5  1/2-1/2

[Event "Hollinberger Mem"]
[Site "Indianapolis USA"]
[Date "2006.05.13"]
[Round "2"]
[White "Blocker,C"]
[Black "Goldin,A"]
[Result "1/2-1/2"]
[WhiteElo "2390"]
[BlackElo "2587"]

1.d4 Nf6 2.c4 e6 3.Nf3 d5 4.Nc3 Bb4 5.cxd5 exd5 6.Bg5 h6 7.Bh4 g5 8.Bg3 Ne4
9.Nd2 Nxc3 10.bxc3 Bxc3 11.Rc1 Bb2 12.Bxc7 Qe7 13.Bd6 Qe6 14.Rb1 Qxd6 15.Rxb2 Nc6
16.e3 Kf8 17.Bd3 Nb4 18.Nf1 Qb6 19.Ke2 Qd6 20.h4 Rg8 21.hxg5 Rxg5 22.g3 Bd7
23.f3 a6 24.Kf2 Nxd3+ 25.Qxd3 Kg7 26.g4 Bb5 27.Qd1 Re8 28.Ng3 Qa3 29.Qb3  1/2-1/2

[Event "Hollinberger Mem"]
[Site "Indianapolis USA"]
[Date "2006.05.13"]
[Round "2"]
[White "Blocker,C"]
[Black "Goldin,A"]
[Result "1/2-1/2"]
[WhiteElo "2390"]
[BlackElo "2587"]

1.d4 Nf6 2.c4 e6 3.Nf3 d5 4.Nc3 Bb4 5.cxd5 exd5 6.Bg5 h6 7.Bh4 g5 8.Bg3 Ne4
9.Nd2 Nxc3 10.bxc3 Bxc3 11.Rc1 Bb2 12.Bxc7 Qe7 13.Bd6 Qe6 14.Rb1 Qxd6 15.Rxb2 Nc6
16.e3 Kf8 17.Bd3 Nb4 18.Nf1 Qb6 19.Ke2 Qd6 20.h4 Rg8 21.hxg5 Rxg5 22.g3 Bd7
23.f3  1/2-1/2

[Event "Hollinberger Mem"]
[Site "Indianapolis USA"]
[Date "2006.05.13"]
[Round "3"]
[White "Goldin,A"]
[Black "Cole,J"]
[Result "1-0"]
[WhiteElo "2587"]
[BlackElo "2323"]

1.d4 Nf6 2.c4 g6 3.g3 c5 4.d5 d6 5.Nc3 Bg7 6.Bg2 O-O 7.Nf3 Na6 8.O-O Nc7
9.a4 Rb8 10.h3 a6 11.a5 b5 12.axb6 Rxb6 13.Ra3 e6 14.e4 exd5 15.exd5 Bd7
16.b3 Qc8 17.Kh2 Ng4+ 18.hxg4 Bxc3 19.g5 Bf5 20.Nh4 Bg7 21.Bd2 Bd7 22.Ba5 Rb7
23.Qd2 Qb8 24.f4 Ne8 25.Qc2 f6 26.Bd2 fxg5 27.fxg5 Rxf1 28.Bxf1 Be5 29.Nf3 Bh8
30.Bc3 Bxc3 31.Qxc3 Ng7 32.Nd2 Bf5 33.Rxa6 Qd8 34.Qe3 Rf7 35.Bg2 Re7 36.Ra8 Rxe3
37.Rxd8+ Kf7 38.Rxd6 Re2 39.Nf3 Bg4 40.Kg1 Nf5 41.Rf6+  1-0

[Event "Hollinberger Mem"]
[Site "Indianapolis USA"]
[Date "2006.05.14"]
[Round "4"]
[White "Margvelashvili,G"]
[Black "Goldin,A"]
[Result "1/2-1/2"]
[WhiteElo "2441"]
[BlackElo "2587"]

1.Nf3 d5 2.c4 c6 3.g3 dxc4 4.Bg2 Nf6 5.O-O b5 6.b3 cxb3 7.Qxb3 e6 8.Ne5 Bb7
9.Bb2 Be7 10.d4 O-O 11.Nd2 Nfd7 12.Ne4 a5 13.Rac1 a4 14.Qe3 Na6 15.Nd3 a3
16.Ba1 Qc7 17.f4 Nf6 18.Nec5 Nxc5 19.Nxc5 Nd5 20.Qb3 Bxc5 21.dxc5 f5 22.e4 fxe4
23.Bxe4 Ra4 24.Qd3 Nf6 25.Bg2 Qf7 26.Rfe1 Nd5 27.Re5 Bc8 28.Rg5 Nf6 29.Bxc6 Rc4
30.Rf1 Qc7 31.Bxb5 Rxc5 32.Be5 Qb6 33.Bd4 Qxb5 34.Qxb5 Rxb5 35.Rxb5 Ba6 36.Ra5 Bxf1
37.Kxf1 Rd8 38.Ra4 Kf7 39.Ke2 Kg6 40.Kd3 Kf5 41.Rxa3 Nd5 42.Rb3 g5 43.fxg5 Ra8
44.a3 Ra4 45.Bb2 e5 46.Rb5 Ke6 47.Rc5 e4+ 48.Ke2 Kd6 49.Rc8 Ra7 50.Rd8+ Kc5
51.Be5 Kc6 52.Rd6+ Kc5 53.Rh6 Kb5 54.Rh4 Rxa3 55.Rxe4 Ra2+ 56.Kf3 Rxh2 57.Rh4 Rxh4
58.gxh4 Kc6 59.Ke4 Ne7 60.Bf6 Kd6 61.Bxe7+ Kxe7 62.Kf5 Kf7 63.h5 h6 64.g6+ Kg7
65.Ke6 Kg8 66.Kf6 Kf8  1/2-1/2

[Event "9th Open"]
[Site "Foxwoods USA"]
[Date "2007.04.04"]
[Round "1"]
[White "Goldin,A"]
[Black "Rodriguez,Er"]
[Result "1-0"]
[WhiteElo "2577"]
[BlackElo "2241"]

1.Nf3 Nf6 2.c4 d6 3.d4 Nbd7 4.Nc3 e5 5.e4 c6 6.Be2 Be7 7.O-O O-O 8.Qc2 a6
9.Rd1 Qc7 10.Bg5 Re8 11.Rac1 h6 12.Bh4 exd4 13.Nxd4 Ne5 14.Bg3 Qb6 15.h3 Bf8
16.f4 Ng6 17.Bf3 Bd7 18.Kh1 Qb4 19.a3 Qa5 20.b4 Qb6 21.Nf5 Qc7 22.c5 dxc5
23.e5 cxb4 24.axb4 Qc8 25.Nd4 Nh7 26.e6 Rxe6 27.f5 Rf6 28.fxg6 Rxg6 29.Ne4 Ng5
30.Nxg5 hxg5 31.Be4 Rf6 32.Rf1 Bxb4 33.Rxf6 gxf6 34.Rf1 Qd8 35.Qc4 Be7 36.Nf5 Bxf5
37.Bxf5 Qd2 38.Qe4 Kg7 39.Be1 Qd1 40.Qxe7 Rh8 41.Kg1 Qe2 42.Qxb7  1-0

[Event "9th Open"]
[Site "Foxwoods USA"]
[Date "2007.04.05"]
[Round "2"]
[White "Micayabas,M"]
[Black "Goldin,A"]
[Result "1-0"]
[WhiteElo "2312"]
[BlackElo "2577"]

1.e4 c5 2.Nc3 Nc6 3.Bb5 g6 4.Bxc6 bxc6 5.f4 Bg7 6.Nf3 Nh6 7.O-O O-O 8.d3 f5
9.e5 d6 10.Kh1 Nf7 11.Qe2 Qc7 12.Bd2 Nd8 13.Rae1 Ne6 14.Qf2 Bd7 15.Na4 Rae8
16.b3 Bc8 17.Re2 Bd7 18.Rfe1 Qc8 19.Qh4 Kh8 20.Ng5 Nxg5 21.Qxg5 Be6 22.Bc3 Qd7
23.Re3 Kg8 24.h4 Kf7 25.h5 Rg8 26.Rg3 Bf8 27.h6  1-0

[Event "9th Open"]
[Site "Foxwoods USA"]
[Date "2007.04.05"]
[Round "3"]
[White "Goldin,A"]
[Black "Fleischman,E"]
[Result "1/2-1/2"]
[WhiteElo "2577"]
[BlackElo "2092"]

1.d4 Nf6 2.c4 c5 3.d5 b5 4.cxb5 a6 5.bxa6 Bxa6 6.Nc3 d6 7.e4 Bxf1 8.Kxf1 g6
9.Nf3 Nbd7 10.h3 Bg7 11.Kg1 O-O 12.Kh2 Qa5 13.Re1 Rfb8 14.Qc2 Rb7 15.Bd2 c4
16.a4 Qb6 17.Nd1 Qb3 18.Qxb3 Rxb3 19.Bc3 Rb7 20.Nd2 Nc5 21.a5 Nb3 22.Nxb3 cxb3
23.Bxf6 Bxf6 24.Re3 Bd4 25.Rd3 Bc5 26.Ra4 Rb5 27.Kg3 Kg7 28.Ne3 Bxe3 29.Rxe3 Raxa5
30.Rxa5 Rxa5 31.Rxb3 f5 32.exf5 gxf5 33.Rd3 Rb5 34.b3 Kf6 35.f4 Rb4 36.Kf3 h5
37.g3 e6 38.dxe6 Kxe6 39.g4 hxg4+ 40.hxg4 fxg4+ 41.Kxg4 Rb5 42.Rh3 Kf6 43.Re3 Rb8
44.Rd3 Ke6 45.Kf3 Rb4 46.Ke3 Kf5 47.Kd2 Kxf4 48.Kc3 Rb6 49.Kd4 Kf5 50.Kd5 Kf6
51.Re3 Kf7 52.Kc4 Rc6+ 53.Kb5 Rc5+ 54.Kb6 Re5 55.Rc3 Ke6 56.b4 Kd5 57.Rf3 Kd4
58.b5 d5 59.Kc7  1/2-1/2

[Event "FKB ch-USA Qualifier"]
[Site "Tulsa USA"]
[Date "2008.03.28"]
[Round "1"]
[White "Goldin,A"]
[Black "Mc Entee,T"]
[Result "1-0"]
[WhiteElo "2566"]
[BlackElo "2147"]

1.Nf3 Nf6 2.c4 g6 3.g3 Bg7 4.Bg2 O-O 5.Nc3 d5 6.cxd5 Nxd5 7.O-O c5 8.Nxd5 Qxd5
9.d3 Nc6 10.Qa4 Qd7 11.Rd1 e5 12.a3 Qe7 13.Bg5 f6 14.Be3 Nd4 15.Nxd4 exd4
16.Bf4 g5 17.Bd2 Kh8 18.b4 c4 19.dxc4 Qxe2 20.Qb3 Qh5 21.Bc1 f5 22.Bb2 f4
23.Bxd4 f3 24.Qc3 Bxd4 25.Rxd4 Kg8 26.Bf1 Bh3 27.Rd5 Bxf1 28.h4 h6 29.Rxf1 Qg4
30.Rd6 Kh7 31.Re1 Rf7 32.Ree6  1-0

[Event "FKB ch-USA Qualifier"]
[Site "Tulsa USA"]
[Date "2008.03.28"]
[Round "2"]
[White "Yanayt,E"]
[Black "Goldin,A"]
[Result "0-1"]
[WhiteElo "2255"]
[BlackElo "2566"]

1.d4 Nf6 2.c4 e6 3.g3 d5 4.Nf3 Bb4+ 5.Bd2 Be7 6.Bg2 c6 7.Qc2 O-O 8.O-O b6
9.Bf4 Bb7 10.Rd1 a5 11.b3 Na6 12.Nc3 Nh5 13.Bc1 f5 14.Ne5 Rc8 15.Kh1 Nf6
16.f3 Bd6 17.Nd3 c5 18.dxc5 bxc5 19.Nf4 Qe7 20.cxd5 exd5 21.Qxf5 Bxf4 22.Bxf4 d4
23.Qd3 Nb4 24.Qc4+ Kh8 25.a3 Ba6 26.Nb5 Nbd5 27.Bg5 Nc3 28.a4 Nxd1 29.Rxd1 Rfe8
30.Rd2 h6 31.Bxf6 Qxf6 32.Bh3 Rcd8 33.Qxc5 d3 34.Qf2 dxe2 35.Rxe2 Rd1+ 36.Bf1 Red8
37.Kg2 Bb7 38.Rc2 Bxf3+ 39.Qxf3 Qxf3+ 40.Kxf3 Rxf1+ 41.Kg4 Rb1 42.Rc3 Kh7
43.h4 Rd5 44.Re3 Rf1 45.Kh3 h5 46.Kg2 Rff5 47.Nc3 Rd2+ 48.Kg1 Rc5 49.Ne2 Kg6
50.Kf2 Kf6 51.Kf3 Re5 52.Nf4 Rxe3+ 53.Kxe3 Rb2 54.Nxh5+ Kf7 55.Kf4 g6  0-1

[Event "FKB ch-USA Qualifier"]
[Site "Tulsa USA"]
[Date "2008.03.29"]
[Round "4"]
[White "Mulyar,M"]
[Black "Goldin,A"]
[Result "0-1"]
[WhiteElo "2381"]
[BlackElo "2566"]

1.c4 e5 2.g3 Nf6 3.Bg2 d5 4.cxd5 Nxd5 5.Nc3 Nb6 6.d3 Be7 7.Nf3 Nc6 8.O-O O-O
9.a3 Be6 10.b4 f6 11.Bb2 Qe8 12.Ne4 a5 13.Nc5 Bf7 14.Nxb7 axb4 15.axb4 Nxb4
16.Nh4 Qd7 17.Na5 c6 18.Bc3 N6d5 19.Bd2 c5 20.Nc4 Rxa1 21.Qxa1 Be6 22.f4 exf4
23.gxf4 Rb8 24.Qe1 Nb6 25.Ne3 Nc6 26.Nef5 Bf8 27.Qg3 Nd4 28.Nxd4 Qxd4+ 29.Be3 Qd6
30.Be4 Nd5 31.Bxd5 Bxd5 32.Nf5 Qd7 33.Nh6+ Kh8 34.Ng4 Rb2  0-1

[Event "FKB ch-USA Qualifier"]
[Site "Tulsa USA"]
[Date "2008.03.29"]
[Round "5"]
[White "Goldin,A"]
[Black "Yermolinsky,A"]
[Result "0-1"]
[WhiteElo "2566"]
[BlackElo "2522"]

1.d4 d5 2.c4 c6 3.Nf3 Nf6 4.e3 Bf5 5.Nc3 e6 6.Nh4 Be4 7.f3 Bg6 8.Qb3 Qc7
9.Bd2 Be7 10.Nxg6 hxg6 11.Rc1 Nbd7 12.cxd5 exd5 13.e4 dxe4 14.fxe4 Rxh2 15.Rxh2 Qxh2
16.Qxb7 Rb8 17.Qxc6 Rxb2 18.Nb5 Qh4+ 19.Kd1 Qf2 20.Qa8+ Bd8 21.Be2 Qg1+ 22.Be1 Qxg2
23.Bd2 Qg1+ 24.Be1 Qe3 25.Rc8 Qxe2+ 26.Kc1  0-1

[Event "112th US Open"]
[Site "Orlando USA"]
[Date "2011.08.05"]
[Round "4"]
[White "Gelashvili,T"]
[Black "Goldin,A"]
[Result "0-1"]
[WhiteElo "2616"]
[BlackElo "2561"]

1.d4 d5 2.Nf3 Nf6 3.e3 e6 4.Bd3 c5 5.O-O Nc6 6.b3 Be7 7.Bb2 O-O 8.Nbd2 b6
9.a3 Bb7 10.Qe2 Rc8 11.Rac1 Qc7 12.c4 dxc4 13.bxc4 Rfd8 14.Rfd1 cxd4 15.exd4 Qf4
16.Nf1 Bf8 17.Ne3 Re8 18.d5 exd5 19.cxd5 Nxd5 20.Bxh7+ Kxh7 21.Rxd5 Ne5 22.Rxc8 Nxf3+
23.Qxf3 Qxf3 24.Rxe8 Qe2 25.Rd1 Bc5 26.Rb1 Bc6 27.Re5 f6 28.Re6 Bd5 29.Re8 Ba2
30.Rf1 Qxb2 31.a4 Bf7 32.Re4 Bg6 33.Rh4+ Kg8 34.h3 Bd3 35.Re1 Qd2 36.Rd1 Qe2
37.Ra1 f5 38.a5 Bxe3 39.fxe3 Be4  0-1

[Event "112th US Open"]
[Site "Orlando USA"]
[Date "2011.08.05"]
[Round "4"]
[White "Goldin,A"]
[Black "Gareev,T"]
[Result "1-0"]
[WhiteElo "2561"]
[BlackElo "2613"]

1.Nf3 g6 2.d4 Nf6 3.c4 Bg7 4.Nc3 O-O 5.Bg5 h6 6.Bh4 c5 7.d5 b5 8.cxb5 a6
9.e4 d6 10.Nd2 e6 11.dxe6 Bxe6 12.Be2 axb5 13.Bxb5 g5 14.Bg3 d5 15.O-O d4
16.Ne2 Na6 17.Be5 Ng4 18.Bxg7 Kxg7 19.Ng3 Ne5 20.f4 gxf4 21.Nh5+ Kh8 22.Nxf4 Nc7
23.Nxe6 fxe6 24.Rxf8+ Qxf8 25.Nc4 Qg7 26.Nxe5 Qxe5 27.Bd3 Ne8 28.a4 Nd6 29.b3 Qg5
30.Qe2 Nf7 31.a5 Ne5 32.a6 Qg7 33.Rc1 Rg8 34.g3 Qe7 35.Rf1 Rg7 36.Bc4 Kh7
37.Rf4 Qd6 38.Rh4 d3 39.Qe3 d2 40.Qxh6+ Kg8 41.Bxe6+  1-0

[Event "112th US Open"]
[Site "Orlando USA"]
[Date "2011.08.07"]
[Round "9"]
[White "Kacheishvili,G"]
[Black "Goldin,A"]
[Result "1-0"]
[WhiteElo "2582"]
[BlackElo "2561"]

1.d4 d5 2.c4 e6 3.Nc3 Be7 4.cxd5 exd5 5.Bf4 c6 6.Qc2 g6 7.e3 Bf5 8.Qd2 Nf6
9.f3 h5 10.Bd3 Bxd3 11.Qxd3 Nbd7 12.Nge2 O-O 13.O-O b5 14.Rac1 Rc8 15.Rc2 b4
16.Na4 Qa5 17.b3 c5 18.dxc5 Nxc5 19.Nxc5 Rxc5 20.Rxc5 Bxc5 21.Rc1 Qb6 22.Ng3 Rc8
23.Nf1 Qe6 24.Kf2 Rc6 25.Bg5 Ne8 26.Rd1 Nc7 27.Ng3 Qe5 28.f4 Qe8 29.f5 Bb6
30.fxg6 fxg6 31.Ne2 Kh7 32.Bf4 Qf7 33.Kg1 Qe7 34.Kh1 Kg7 35.h3 h4 36.Nd4 Rc3
37.Qe2 Bxd4 38.Rxd4 Ne6 39.Be5+ Kh7 40.Rxd5 Rc1+ 41.Rd1 Qc5 42.Bd6 Rxd1+
43.Qxd1 Qxe3 44.Bxb4 Ng7 45.Qe1 Qf4 46.Bd2 Qf6 47.Bc3 Qd8 48.Qd2  1-0